000 00646nam a2200241Ia 4500
003 OSt
005 20220924131850.0
006 a|||||r|||| 00| 0
007 ta
008 220923b |||||||| |||| 00| 0 tel d
020 _c45.00
024 _a336659
037 _cTextual
040 _aARTS
_cARTS
_btel
041 _2tel
_atel
082 _aO35,3NSUB,5, N3
100 _aSubrahmanyam Challa
_9203120
245 0 _aSwathi
260 _aVijayawada
_bMadhu Priya Publications India
_c1993
650 _aTELUGU FICTION
942 _hO35,3NSUB,5, N3
_cTEXL
_2CC
999 _c428474
_d428474